[Event "21st Delhi Open 2025"]
[Site "New Delhi IND"]
[Date "2025.06.08"]
[Round "3.12"]
[White "Debayan Ray"]
[Black "Savchenko, Boris"]
[Result "0-1"]
[BlackTitle "GM"]
[WhiteElo "2028"]
[BlackElo "2456"]
[WhiteFideId "33494690"]
[BlackFideId "4147332"]
[EventDate "2025.06.07"]

1. e4 c6 2. Nf3 d5 3. d3 Qc7 4. Nc3 dxe4 5. dxe4 e5 6. Bc4 h6 7. Ne2 Nd7 8. Ng3
b5 9. Be2 Nc5 10. c3 Nf6 11. Qc2 a5 12. O-O Be7 13. Be3 O-O 14. b4 Nb7 15. a4
Bd7 16. Nf5 Bxf5 17. exf5 axb4 18. cxb4 bxa4 19. b5 Ng4 20. Qxc6 Qb8 21. Bc1 Nc5
22. Nd2 Rc8 23. Qd5 Nf6 24. Qa2 e4 25. Ba3 Bd6 26. h3 Ncd7 27. Bxd6 Qxd6 28. Nc4
Qc5 29. Rfd1 Nb6 30. Rac1 Nbd5 31. b6 Nxb6 32. Nxb6 Qxb6 33. Rxc8+ Rxc8 34. Qxa4
e3 35. Qd4 Qxd4 36. Rxd4 Rc1+ 37. Rd1 Rc2 38. Re1 exf2+ 39. Kxf2 h5 40. Kg3 Rc5
41. Kf4 Nd5+ 42. Ke4 Ra5 43. Rc1 h4 44. Rc4 Ne7 45. Bg4 g5 46. f6 Ng6 47. Rc8+
Kh7 48. Rc7 Ra4+ 49. Kf5 Ra5+ 50. Ke4 Nh8 51. Bf5+ Kh6 52. Rc8 Ng6 53. Bxg6 Kxg6
54. Kf3 Rf5+ 55. Ke2 Rxf6 56. Rc5 Rf4 57. Ke3 f6 58. Ke2 Re4+ 59. Kf2 Re5 60.
Rc4 Kf5 61. Kf3 Ra5 62. Rb4 Ke5 63. Rc4 f5 64. Rb4 Ra3+ 65. Kf2 Rd3 66. Rb5+ Ke4
67. Rb8 Rd1 68. Rb7 Rd4 69. Rb3 Rd2+ 70. Kg1 Rd3 71. Rb4+ Ke3 72. Rb5 Rd1+ 73.
Kh2 Ke4 74. Rb4+ Rd4 75. Rb8 Kf4 76. Rh8 Rd2 77. Rh5 Rd5 78. Rh8 Ke3 79. Rg8 Kf4
80. Rh8 Re5 81. Rh5 Re2 82. Rh8 Re1 83. Rh5 Re5 84. Rh8 Re1 85. Rh5 g4 86. Rxh4
Ra1 87. hxg4 fxg4 88. g3+ Kf3 89. Rh8 Ra2+ 90. Kg1 Kxg3 91. Kf1 Ra1+ 92. Ke2 Kg2
93. Rh4 g3 94. Rh8 Kg1 95. Rh3 g2 96. Rh8 Ra7 0-1

[Event "21st Delhi Open 2025"]
[Site "New Delhi IND"]
[Date "2025.06.08"]
[Round "3.13"]
[White "Sanikidze, Tornike"]
[Black "Sai Abhinav Kuchibhotla"]
[Result "1/2-1/2"]
[WhiteTitle "GM"]
[WhiteElo "2425"]
[BlackElo "2014"]
[WhiteFideId "13602608"]
[BlackFideId "33409293"]
[EventDate "2025.06.07"]

1. d4 Nf6 2. c4 e6 3. Nc3 d5 4. cxd5 exd5 5. Bg5 Be7 6. e3 c6 7. Bd3 Nbd7 8.
Nge2 Nh5 9. Bxe7 Qxe7 10. Qc2 Ndf6 11. h3 g6 12. O-O-O Ng7 13. Ng3 Be6 14. Kb1
h5 15. f3 O-O-O 16. Rhe1 h4 17. Nge2 Nf5 18. Nc1 Rhe8 19. Nb3 Kb8 20. Rc1 Bc8
21. Nd1 Qd6 22. Qd2 Re7 23. Ka1 Rde8 24. Bb1 Ka8 25. Rc3 Qh2 26. Bd3 Nd6 27. Rc1
Bf5 28. Bf1 Nh5 29. Qf2 Qg3 30. Qd2 Qh2 1/2-1/2

[Event "21st Delhi Open 2025"]
[Site "New Delhi IND"]
[Date "2025.06.08"]
[Round "3.14"]
[White "Aadik Theophane Lenin"]
[Black "Deepan, Chakkravarthy J."]
[Result "0-1"]
[BlackTitle "GM"]
[WhiteElo "2018"]
[BlackElo "2410"]
[WhiteFideId "33362041"]
[BlackFideId "5011132"]
[EventDate "2025.06.07"]

1. d4 Nf6 2. c4 b6 3. Nf3 Bb7 4. g3 g6 5. Bg2 Bg7 6. O-O O-O 7. Nc3 e6 8. Qc2 d5
9. cxd5 exd5 10. Bf4 Na6 11. Rac1 c5 12. dxc5 bxc5 13. Rfd1 Qe7 14. e3 Rfd8 15.
Be5 Rac8 16. Qe2 Nb4 17. Bxf6 Bxf6 18. Ne1 Ba6 19. Qf3 d4 20. Ne4 Bg7 21. a3 Nc6
22. Qf4 dxe3 23. Rxd8+ Rxd8 24. fxe3 c4 25. Nc3 Qc5 26. Nc2 Ne5 27. Rf1 Bc8 28.
Nd4 f5 29. Qh4 Nf7 30. Nc6 g5 31. Qh5 Qxe3+ 32. Kh1 Re8 33. Bd5 Be6 34. Bxe6
Qxe6 35. Qf3 g4 36. Qg2 Ng5 37. Nxa7 Nf3 38. Nab5 Rd8 39. Rxf3 gxf3 40. Qxf3 Rd2
41. Qf1 Qc6+ 42. Kg1 Bf8 0-1

[Event "21st Delhi Open 2025"]
[Site "New Delhi IND"]
[Date "2025.06.08"]
[Round "3.15"]
[White "Davtyan, Arsen"]
[Black "Kavinda, Akila"]
[Result "1-0"]
[WhiteTitle "IM"]
[BlackTitle "CM"]
[WhiteElo "2402"]
[BlackElo "2010"]
[WhiteFideId "13309315"]
[BlackFideId "9901302"]
[EventDate "2025.06.07"]

1. e4 e5 2. Nf3 Nc6 3. Bb5 a6 4. Ba4 Nf6 5. O-O b5 6. Bb3 Bb7 7. Re1 Bc5 8. c3
d6 9. d4 Bb6 10. Be3 O-O 11. Nbd2 exd4 12. cxd4 Nb4 13. Qb1 c5 14. a3 Nc6 15. d5
Ne7 16. h3 Nd7 17. Nf1 f5 18. exf5 h6 19. Ng3 Rf7 20. Nh4 c4 21. Bxb6 Qxb6 22.
Bc2 Nxd5 23. Qd1 N5f6 24. Re6 Bd5 25. Ng6 Qc6 26. Nf4 Nc5 27. Rxf6 Rxf6 28. Nxd5
Rf7 29. f6 gxf6 30. Nf5 Kh8 31. Nxh6 Rg7 32. Qh5 Rg5 33. Nf7+ 1-0

[Event "21st Delhi Open 2025"]
[Site "New Delhi IND"]
[Date "2025.06.08"]
[Round "3.16"]
[White "Om, Nagnath Lamkane"]
[Black "Harsh, Suresh"]
[Result "0-1"]
[BlackTitle "IM"]
[WhiteElo "2015"]
[BlackElo "2392"]
[WhiteFideId "25620592"]
[BlackFideId "45018464"]
[EventDate "2025.06.07"]

1. Nf3 d5 2. d4 Nf6 3. Bf4 c5 4. e3 e6 5. c3 Bd6 6. Bb5+ Nc6 7. Ne5 Qc7 8. Bxc6+
bxc6 9. O-O Ba6 10. Re1 O-O 11. Nd2 cxd4 12. exd4 c5 13. dxc5 Bxc5 14. Nd3 Bd6
15. Bxd6 Qxd6 16. Nb4 Bb7 17. Nf3 a5 18. Nd3 Ba6 19. Qc2 Bxd3 20. Qxd3 Qb6 21.
Re2 Rfc8 22. Rc1 Rc7 23. Rec2 Rac8 24. Qd4 Qxd4 25. Nxd4 Ne4 26. f4 Kf8 27. Kf1
h6 28. Re1 g5 29. g3 Ke7 30. Ree2 f5 31. Ke1 Kf6 32. Rg2 Rg7 33. Kf1 Rcg8 34.
Ne2 gxf4 35. Nxf4 Rd7 36. Rce2 e5 37. Nd3 h5 38. Nf2 Nxf2 39. Rexf2 Rh7 40. Ke2
h4 41. Kf1 Rg4 42. Rd2 Ke6 43. Rde2 e4 44. Kg1 Ke5 45. Kf1 Rhg7 0-1

[Event "21st Delhi Open 2025"]
[Site "New Delhi IND"]
[Date "2025.06.09"]
[Round "4.1"]
[White "Narayanan, S.L."]
[Black "Nguyen, Duc Hoa"]
[Result "1-0"]
[WhiteTitle "GM"]
[BlackTitle "GM"]
[WhiteElo "2600"]
[BlackElo "2378"]
[WhiteFideId "5058422"]
[BlackFideId "12401358"]
[EventDate "2025.06.07"]

1. c4 Nf6 2. Nc3 c5 3. Nf3 Nc6 4. g3 g6 5. Bg2 Bg7 6. d4 cxd4 7. Nxd4 O-O 8. O-O
d6 9. Nxc6 bxc6 10. Bxc6 Rb8 11. Bg2 Qa5 12. Qd2 Rd8 13. Nb5 Qxd2 14. Bxd2 Bd7
15. b3 Bxb5 16. cxb5 Rxb5 17. Rac1 Ne8 18. Rc6 Bd4 19. b4 d5 20. a4 Rbb8 21. b5
e6 22. Rfc1 Kg7 23. Bb4 Rd7 24. Rd1 Bb6 25. e4 Nf6 26. exd5 Nxd5 27. Be1 Kf8 28.
a5 Bd8 29. Bf1 Rc7 30. Rxc7 Bxc7 31. Bc4 Ke7 32. Kf1 Be5 33. Rd3 Bd6 34. Bd2 f6
35. Bxd5 exd5 36. Rxd5 Rc8 37. Be3 Ke6 38. Rd3 Bb8 39. Ra3 Rc4 40. a6 Bd6 41.
Ra2 Bc5 42. Bxc5 Rxc5 43. b6 1-0

[Event "21st Delhi Open 2025"]
[Site "New Delhi IND"]
[Date "2025.06.09"]
[Round "4.2"]
[White "Agibileg, Uurtsaikh"]
[Black "Ghosh, Diptayan"]
[Result "0-1"]
[WhiteTitle "IM"]
[BlackTitle "GM"]
[WhiteElo "2384"]
[BlackElo "2573"]
[WhiteFideId "4901606"]
[BlackFideId "5045207"]
[EventDate "2025.06.07"]

1. d4 Nf6 2. c4 e6 3. Nc3 Bb4 4. e3 O-O 5. Bd3 Re8 6. Ne2 d5 7. a3 Bf8 8. O-O
Nbd7 9. cxd5 exd5 10. f3 c5 11. Kh1 b6 12. e4 dxe4 13. fxe4 cxd4 14. Nxd4 Nc5
15. Bb5 Bg4 16. Nf3 Qxd1 17. Rxd1 Ncxe4 18. Bxe8 Nf2+ 19. Kg1 Nxd1 20. Bxf7+
Kxf7 21. Nxd1 Rd8 22. Be3 Bxf3 23. gxf3 Nd5 24. Bg5 Re8 25. Kf1 Re5 26. Bd2 Rh5
27. Kg2 Bd6 28. h3 Re5 29. Kf1 Rf5 30. Kg2 Re5 31. Kf1 Rf5 32. Kg2 Bf4 33. Bxf4
Rxf4 34. Rc1 Rd4 35. Kg3 h5 36. Nc3 h4+ 37. Kf2 Rc4 38. Ke2 Nxc3+ 39. bxc3 Kf6
40. Kd3 Rf4 41. Ke2 Rc4 42. Kd3 Ra4 43. Rg1 g5 44. Ra1 Kf5 45. Ke3 Rc4 46. Rc1
Ra4 47. Ra1 Ra5 48. Ra2 Re5+ 49. Kf2 Rc5 50. Rc2 Kf4 51. a4 Ra5 52. Ra2 b5 53.
Rb2 bxa4 54. Ra2 a3 55. c4 Ra4 56. Ke2 Kg3 57. c5 Kxh3 58. Kf2 Rc4 59. Rxa3 Rc2+
60. Ke3 Kg2 61. c6 h3 62. c7 Rxc7 63. Kd4 0-1

[Event "21st Delhi Open 2025"]
[Site "New Delhi IND"]
[Date "2025.06.09"]
[Round "4.3"]
[White "Aleksandrov, Aleksej"]
[Black "Karthik, Venkataraman"]
[Result "1/2-1/2"]
[WhiteTitle "GM"]
[BlackTitle "GM"]
[WhiteElo "2370"]
[BlackElo "2550"]
[WhiteFideId "13500139"]
[BlackFideId "25006479"]
[EventDate "2025.06.07"]

1. d4 Nf6 2. c4 b6 3. f3 Nc6 4. Nc3 d5 5. Qa4 Qd7 6. cxd5 Nxd5 7. Nxd5 Qxd5 8.
e4 Qd6 9. Bb5 Bd7 10. Ne2 e5 11. Be3 exd4 12. Nxd4 Nxd4 13. Bxd7+ Qxd7 14. Qxd7+
Kxd7 15. Bxd4 Re8 16. Kf2 h5 17. Rhd1 Kc8 18. Rac1 Rh6 19. Be3 Rhe6 20. Bf4 c6
21. Rc2 Bc5+ 22. Be3 Be7 23. a4 Rd8 24. Rxd8+ Kxd8 25. b3 Kc8 26. Rc4 Kb7 27. f4
c5 28. Kf3 Rd6 29. Ke2 g6 30. f5 gxf5 31. exf5 Rd5 32. f6 Bxf6 33. Rf4 Rd6 34.
h4 Kc6 35. g3 Be5 36. Rxf7 Bxg3 37. Rxa7 Bxh4 38. a5 bxa5 39. Rxa5 Rd5 40. Rxc5+ 1/2-1/2

[Event "21st Delhi Open 2025"]
[Site "New Delhi IND"]
[Date "2025.06.09"]
[Round "4.4"]
[White "Petrosyan, Manuel"]
[Black "Manish Anto, Cristiano F"]
[Result "1-0"]
[WhiteTitle "GM"]
[BlackTitle "IM"]
[WhiteElo "2541"]
[BlackElo "2365"]
[WhiteFideId "13300857"]
[BlackFideId "25095927"]
[EventDate "2025.06.07"]

1. e4 e5 2. Nf3 Nc6 3. Bc4 Bc5 4. d3 Nf6 5. Nc3 a6 6. O-O d6 7. h3 Be6 8. Bxe6
fxe6 9. Ne2 O-O 10. c3 h6 11. Ng3 Ne7 12. Re1 Ng6 13. d4 Bb6 14. Qd3 exd4 15.
cxd4 Qe8 16. Be3 Qf7 17. Rac1 d5 18. e5 Nd7 19. Qd2 c6 20. Nh2 Bd8 21. Rf1 Nf4
22. Ne2 Nxe2+ 23. Qxe2 Be7 24. f4 Rac8 25. Nf3 Qg6 26. Qc2 Qxc2 27. Rxc2 c5 28.
dxc5 Bxc5 29. Bxc5 Rxc5 30. Rxc5 Nxc5 31. Nd4 a5 32. Rf3 g6 33. g4 Kf7 34. Kf2
Ke7 35. Ke3 Nd7 36. Rf2 Rc8 37. Rc2 Rxc2 38. Nxc2 g5 39. Nd4 gxf4+ 40. Kxf4 Nc5
41. Ke3 Nd7 42. Nf3 Nb8 43. h4 Nc6 44. h5 a4 45. g5 hxg5 46. h6 Kf8 47. Nxg5
Nxe5 48. Nxe6+ Kg8 49. Kd4 Nc4 50. Kc3 Kh7 51. Nf4 Ne3 52. Kd4 Nc2+ 53. Kxd5
Nb4+ 54. Kc4 Nxa2 55. Ne2 Kxh6 56. Kb5 Kg5 57. Kxa4 Kg4 58. Ka3 Kf3 59. Nd4+ Ke3
60. Nb3 Kd3 61. Kxa2 Kc4 62. Na5+ Kd5 1-0

[Event "21st Delhi Open 2025"]
[Site "New Delhi IND"]
[Date "2025.06.09"]
[Round "4.5"]
[White "Shahil, Dey"]
[Black "Gupta, Abhijeet"]
[Result "0-1"]
[WhiteTitle "IM"]
[BlackTitle "GM"]
[WhiteElo "2366"]
[BlackElo "2538"]
[WhiteFideId "35062352"]
[BlackFideId "5010608"]
[EventDate "2025.06.07"]

1. Nf3 Nf6 2. b3 g6 3. Bb2 Bg7 4. g3 d6 5. d4 b5 6. Bg2 Bb7 7. O-O Nbd7 8. Qd3
a6 9. c4 bxc4 10. bxc4 Rb8 11. Qc2 Be4 12. Qc1 Bxf3 13. Bxf3 c5 14. Nd2 O-O 15.
e3 Qc7 16. Qc2 cxd4 17. Bxd4 Nc5 18. Rab1 Nfd7 19. Nb3 Ne6 20. Rfc1 Rfc8 21. Qd2
h5 22. Bg2 Nec5 23. Bh3 e6 24. Bg2 Ne5 25. Nxc5 dxc5 26. Bxe5 Bxe5 27. Be4 Rd8
28. Qc2 Kg7 29. Qa4 h4 30. Kg2 Rxb1 31. Rxb1 Rd2 32. Rd1 Rb2 33. Rd7 Qb8 34. Qd1
h3+ 35. Kf3 Qh8 36. Rb7 Rxb7 37. Bxb7 Qh5+ 38. g4 Qh4 39. Qg1 f5 40. Ke2 fxg4
41. Bxa6 Qh5 42. Kd2 Qf5 43. Bb7 Bc7 44. Kc1 Be5 45. Kd2 Bc7 46. Kc1 Ba5 47. Bc6
Qe5 48. Qxg4 Qc3+ 49. Kb1 Qe1+ 50. Kc2 Qd2+ 51. Kb1 Bc3 0-1

[Event "21st Delhi Open 2025"]
[Site "New Delhi IND"]
[Date "2025.06.09"]
[Round "4.6"]
[White "Paichadze, Luka"]
[Black "Gochelashvili, David"]
[Result "1-0"]
[WhiteTitle "GM"]
[BlackTitle "IM"]
[WhiteElo "2529"]
[BlackElo "2303"]
[WhiteFideId "13602934"]
[BlackFideId "4161203"]
[EventDate "2025.06.07"]

1. e4 c5 2. Nf3 Nc6 3. Bb5 e6 4. Bxc6 bxc6 5. d3 d5 6. O-O Ne7 7. Nc3 Ng6 8. Re1
Ba6 9. b3 c4 10. dxc4 dxc4 11. Qxd8+ Rxd8 12. Na4 Bb5 13. Be3 Bb4 14. Red1 Rxd1+
15. Rxd1 cxb3 16. axb3 Bxa4 17. bxa4 Ke7 18. Bxa7 Ra8 19. Bd4 Rxa4 20. Bxg7 f6
21. g3 Bc3 22. Rd3 Rc4 23. Re3 Bb2 24. Re2 Kf7 25. Bh6 Ne7 26. Ne1 c5 27. Nd3
Ba3 28. f3 Nc6 29. Be3 e5 30. Kf1 Rc3 31. Ne1 Bb2 32. Bd2 Ra3 33. Re3 Ra2 34.
Rb3 c4 35. Rb6 Nd4 36. Rb4 c3 37. Be3 Ba3 38. Ra4 Nb5 39. Ra5 Rb2 40. Bc1 Be7
41. Bxb2 1-0

[Event "21st Delhi Open 2025"]
[Site "New Delhi IND"]
[Date "2025.06.09"]
[Round "4.7"]
[White "Tologon tegin, Semetei"]
[Black "Sivuk, Vitaly"]
[Result "1/2-1/2"]
[WhiteTitle "IM"]
[BlackTitle "GM"]
[WhiteElo "2322"]
[BlackElo "2522"]
[WhiteFideId "13800574"]
[BlackFideId "14116502"]
[EventDate "2025.06.07"]

1. d4 d5 2. Nf3 c5 3. e3 Nc6 4. c3 e6 5. Nbd2 Nf6 6. Bd3 Be7 7. O-O b6 8. b3 Bb7
9. Bb2 O-O 10. Rc1 Rc8 11. Qe2 Rc7 12. c4 dxc4 13. Nxc4 cxd4 14. Nxd4 Nxd4 15.
Bxd4 Qd5 16. f3 Rfc8 17. Rcd1 Qh5 18. Be5 Rxc4 19. Bxf6 R4c7 20. Ba1 Bf6 21.
Bxf6 gxf6 22. Rd2 f5 23. Ba6 Bxa6 24. Qxa6 Qg5 25. f4 Qe7 26. Rfd1 Rc1 27. Qe2
Qa3 28. h3 Rxd1+ 29. Rxd1 Rc1 30. Kh2 Rxd1 31. Qxd1 1/2-1/2

[Event "21st Delhi Open 2025"]
[Site "New Delhi IND"]
[Date "2025.06.09"]
[Round "4.8"]
[White "Advik Amit Agrawal"]
[Black "Nikitenko, Mihail"]
[Result "0-1"]
[BlackTitle "GM"]
[WhiteElo "2218"]
[BlackElo "2520"]
[WhiteFideId "48753629"]
[BlackFideId "13506862"]
[EventDate "2025.06.07"]

1. e4 c5 2. Nf3 Nc6 3. Bb5 e6 4. O-O Nge7 5. Re1 Ng6 6. c3 a6 7. Bf1 Be7 8. d4
Qc7 9. Be3 d6 10. Nbd2 O-O 11. a4 b6 12. g3 Bb7 13. Bg2 Nb8 14. h4 Re8 15. h5
Nf8 16. a5 cxd4 17. axb6 Qxb6 18. cxd4 d5 19. Ne5 Nbd7 20. h6 g6 21. exd5 Bxd5
22. Ndc4 Qb7 23. Bxd5 Qxd5 24. Qf3 f6 25. Qxd5 exd5 26. Nxd7 Nxd7 27. Na5 Rec8
28. Rec1 Kf7 29. Rxc8 Rxc8 30. Nb3 Rc6 31. Kg2 g5 32. Ra5 Bb4 33. Ra4 Bf8 34.
Ra5 Ke6 35. Nc1 Bxh6 36. Nd3 Bf8 37. g4 Bd6 38. b4 h6 39. Kf3 Nf8 40. Nc5+ Bxc5
41. bxc5 f5 42. Ra1 f4 43. Bd2 Kd7 44. Ke2 Ng6 45. f3 Re6+ 46. Kf2 Ne7 47. Ra4
Nc6 48. Kf1 a5 49. Bxa5 Re3 50. Kg2 Rd3 51. Bb6 Rxd4 52. Ra8 Rd2+ 53. Kf1 Rd3
54. Kg2 Re3 55. Rh8 Re6 56. Rh7+ Ne7 57. Rh8 Kc6 58. Rd8 Ng6 59. Rc8+ Kb5 60.
Rd8 Kc4 61. Ra8 Ne7 62. Re8 d4 63. c6 d3 64. Ba5 Re2+ 65. Kf1 Nxc6 66. Rc8 Re6
67. Kf2 Kb3 68. Bb6 d2 0-1

[Event "21st Delhi Open 2025"]
[Site "New Delhi IND"]
[Date "2025.06.09"]
[Round "4.9"]
[White "Aronyak, Ghosh"]
[Black "Manik, Mikulas"]
[Result "1/2-1/2"]
[WhiteTitle "IM"]
[BlackTitle "GM"]
[WhiteElo "2510"]
[BlackElo "2266"]
[WhiteFideId "25072846"]
[BlackFideId "14900734"]
[EventDate "2025.06.07"]

1. d4 Nf6 2. Nf3 g6 3. Nbd2 c5 4. dxc5 Qa5 5. a3 Qxc5 6. b4 Qc7 7. Bb2 Bg7 8. c4
d6 9. g3 b6 10. Bg2 Bb7 11. O-O O-O 12. Qb3 Nbd7 13. Rfd1 Rac8 14. Rac1 a6 15.
Nf1 Qb8 16. Ne3 Bh6 17. h4 Qa8 18. Bh3 Bxf3 19. Bxd7 Bxe2 20. Bxf6 Bxd1 21. Rxd1
Bxe3 22. Bxe7 Qf3 23. fxe3 Qxg3+ 24. Kf1 Rc7 25. Rxd6 Rxd7 26. Rxd7 Qh3+ 27. Ke1
Qxd7 28. Bxf8 Kxf8 29. Qc3 Qg4 30. Qd4 Qxd4 31. exd4 f5 1/2-1/2

[Event "21st Delhi Open 2025"]
[Site "New Delhi IND"]
[Date "2025.06.09"]
[Round "4.10"]
[White "Gharibyan, Mamikon"]
[Black "Sharnarthi Viresh"]
[Result "1-0"]
[WhiteTitle "GM"]
[WhiteElo "2472"]
[BlackElo "2236"]
[WhiteFideId "13308300"]
[BlackFideId "25978055"]
[EventDate "2025.06.07"]

1. d4 Nf6 2. c4 g6 3. Nc3 Bg7 4. e4 d6 5. Nf3 Bg4 6. Be2 O-O 7. O-O Nfd7 8. Be3
e5 9. d5 a5 10. a3 Na6 11. Rb1 f5 12. h3 Bxf3 13. Bxf3 f4 14. Bd2 Nb6 15. b3 a4
16. Nxa4 Nxa4 17. bxa4 Nc5 18. a5 h5 19. Rb5 Ra7 20. Qc2 Qh4 21. Bb4 Nd7 22. c5
g5 23. cxd6 c5 24. Be1 g4 25. g3 Qg5 26. h4 Qh6 27. Be2 fxg3 28. fxg3 Qe3+ 29.
Kg2 Rf4 30. Bf2 Qxa3 31. Bxc5 Nxc5 32. Qxc5 Qxc5 33. Rxc5 Rxf1 34. Kxf1 Ra8 35.
d7 Rf8+ 36. Ke1 Bf6 37. d6 Kf7 38. Bc4+ Kg6 39. Rc8 Bd8 40. Ke2 Kg7 41. Rxd8
Rxd8 42. Be6 Kf6 43. Bf5 Kf7 44. Kd3 Ra8 45. Kc4 Kf6 46. Kb5 Kf7 47. Kb6 Ra6+
48. Kxb7 Rxd6 49. a6 Rd1 50. a7 Rb1+ 51. Kc7 Rc1+ 52. Kd6 1-0

[Event "21st Delhi Open 2025"]
[Site "New Delhi IND"]
[Date "2025.06.09"]
[Round "4.11"]
[White "Savchenko, Boris"]
[Black "Singh, S. Vikramjit"]
[Result "1-0"]
[WhiteTitle "GM"]
[WhiteElo "2456"]
[BlackElo "2185"]
[WhiteFideId "4147332"]
[BlackFideId "5006090"]
[EventDate "2025.06.07"]

1. Nc3 c5 2. e4 Nc6 3. Nge2 Nf6 4. d4 cxd4 5. Nxd4 d6 6. Bg5 e6 7. Qd2 a6 8.
O-O-O Nxd4 9. Qxd4 Be7 10. f4 b5 11. Bxf6 gxf6 12. Qe3 Qa5 13. Kb1 b4 14. Ne2
Qc5 15. Qf3 Bb7 16. Nc1 a5 17. Nb3 Qb6 18. f5 a4 19. Nd2 e5 20. Bc4 Rc8 21. g4
a3 22. Qb3 axb2 23. Bxf7+ Kf8 24. Nc4 Qa6 25. Be6 Kg7 26. g5 Bxe4 27. gxf6+ Bxf6
28. Rhg1+ 1-0

[Event "21st Delhi Open 2025"]
[Site "New Delhi IND"]
[Date "2025.06.09"]
[Round "4.12"]
[White "Deepan, Chakkravarthy J."]
[Black "Madhvendra Pratap Sharma"]
[Result "1-0"]
[WhiteTitle "GM"]
[BlackTitle "CM"]
[WhiteElo "2410"]
[BlackElo "2166"]
[WhiteFideId "5011132"]
[BlackFideId "25985663"]
[EventDate "2025.06.07"]

1. e4 e6 2. Qe2 Be7 3. f4 d5 4. d3 b6 5. Nf3 Nf6 6. e5 Nfd7 7. g3 c5 8. Bg2 Na6
9. O-O Nc7 10. c4 Bb7 11. Nc3 O-O 12. Bd2 a6 13. g4 Ra7 14. Rae1 b5 15. cxd5
Nxd5 16. Ne4 Qc7 17. Rc1 Raa8 18. Kh1 Rac8 19. Ng3 N5b6 20. Ne4 Nd5 21. b3 Qb8
22. h4 Rce8 23. g5 f5 24. gxf6 gxf6 25. exf6 Bxf6 26. Nfg5 h6 27. Nxf6+ N7xf6
28. Nxe6 Kf7 29. f5 Rg8 30. Be4 Qg3 31. Qh2 Qxd3 32. Nxc5 Qxe4+ 33. Nxe4 Nxe4
34. Rf3 Nxd2 35. Qxd2 Re4 36. Qxh6 Ne7 37. Qh5+ Kf6 38. Qh6+ Kf7 39. Qh5+ Kf6
40. Rc7 Ba8 41. Qh6+ Kf7 42. f6 Re1+ 43. Kh2 Re2+ 44. Kh3 Bxf3 45. Rxe7+ Rxe7
46. fxe7 Bg4+ 47. Kg3 Be6+ 48. Kf2 Kxe7 49. Qh7+ Kd6 50. Qa7 Bd5 51. Qxa6+ Ke5
52. Qxb5 Rg2+ 53. Ke3 Rxa2 54. h5 Ra3 55. h6 Rxb3+ 56. Qxb3 Bxb3 57. h7 Be6 58.
h8=Q+ Kd5 1-0

[Event "21st Delhi Open 2025"]
[Site "New Delhi IND"]
[Date "2025.06.09"]
[Round "4.13"]
[White "Sharma, Dinesh K."]
[Black "Davtyan, Arsen"]
[Result "1-0"]
[WhiteTitle "IM"]
[BlackTitle "IM"]
[WhiteElo "2171"]
[BlackElo "2402"]
[WhiteFideId "5004110"]
[BlackFideId "13309315"]
[EventDate "2025.06.07"]

1. e4 e5 2. Nf3 Nc6 3. Bb5 a6 4. Bxc6 dxc6 5. O-O Qf6 6. d4 exd4 7. Bg5 Qd6 8.
Nxd4 Be7 9. Be3 Nf6 10. f3 Bd7 11. Nc3 O-O-O 12. Nb3 Qe6 13. Nc5 Bxc5 14. Bxc5
g5 15. Qe2 h5 16. Rad1 Kb8 17. Bf2 b6 18. Qxa6 Bc8 19. Qe2 Rdg8 20. Rd2 h4 21.
Bd4 Rh6 22. Bxf6 Rxf6 23. h3 Qe5 24. Rfd1 Qc5+ 25. Qf2 Qe7 26. Qe3 Re6 27. Ne2
Re5 28. Nd4 Kb7 29. a4 f5 30. Qc3 Rg6 31. Nxf5 Bxf5 32. exf5 Rxf5 33. Rd7 Qc5+
34. Qxc5 Rxc5 35. R1d2 Re6 36. Kf2 b5 37. axb5 Rxb5 38. b3 Rc5 39. Rf7 Kb6 40.
f4 Re4 41. Kf3 Rb4 42. Kg4 Re4 43. Rf2 Rd4 44. Rf5 Rxf5 45. Kxf5 gxf4 46. Rxf4
Rd2 47. Rxh4 Rf2+ 48. Rf4 Rxg2 49. Rc4 Rf2+ 50. Kg5 Rg2+ 51. Kh6 c5 52. h4 Kc6
53. b4 Kd6 54. Rxc5 Rg4 55. h5 Rxb4 56. Rg5 Rb2 57. Rg2 Ke5 58. Kg7 c5 59. h6
Rb7+ 60. Kg6 Rb6+ 61. Kh5 Rb7 62. Kg6 Rb6+ 63. Kg5 Rb7 64. Rh2 Kd5 1-0

[Event "21st Delhi Open 2025"]
[Site "New Delhi IND"]
[Date "2025.06.09"]
[Round "4.14"]
[White "Harsh, Suresh"]
[Black "Ram Vishal Parab"]
[Result "1-0"]
[WhiteTitle "IM"]
[WhiteElo "2392"]
[BlackElo "2009"]
[WhiteFideId "45018464"]
[BlackFideId "25774166"]
[EventDate "2025.06.07"]

1. c4 e5 2. Nc3 Bb4 3. Qb3 Nc6 4. e3 Nf6 5. Nge2 a5 6. a3 Bc5 7. g3 O-O 8. Bg2
d6 9. O-O Re8 10. d3 Bd7 11. h3 h6 12. Qc2 Bf5 13. Kh2 Qd7 14. e4 Bh7 15. f4 Ba7
16. f5 Nd4 17. Qd1 a4 18. Nxd4 exd4 19. Nd5 Qd8 20. Nxf6+ Qxf6 21. Qxa4 c6 22.
Qb3 Rab8 23. a4 Kh8 24. Bf4 Qe7 25. Qa3 Rbd8 26. a5 Qd7 27. Qb3 f6 28. a6 Rb8
29. Qa3 bxa6 30. Qxd6 Qxd6 31. Bxd6 Rxb2 32. Rxa6 Bb8 33. Ra8 Rg8 34. Rxb8 Rgxb8
35. Bxb8 Rxb8 36. Ra1 Rb3 37. Ra8+ Bg8 38. e5 fxe5 39. Bxc6 Rxd3 40. Bd5 Re3 41.
Bxg8 g5 42. f6 1-0

[Event "21st Delhi Open 2025"]
[Site "New Delhi IND"]
[Date "2025.06.09"]
[Round "4.15"]
[White "Samant, Aditya S"]
[Black "D. Ashraf, Subhani"]
[Result "1-0"]
[WhiteTitle "GM"]
[WhiteElo "2498"]
[BlackElo "1882"]
[WhiteFideId "35080580"]
[BlackFideId "5013259"]
[EventDate "2025.06.07"]

1. e4 c6 2. d4 d5 3. f3 e6 4. Nc3 Nf6 5. e5 Nfd7 6. f4 c5 7. Nf3 Nc6 8. Be3 cxd4
9. Nxd4 Nxd4 10. Bxd4 Nb8 11. Bd3 Nc6 12. Bf2 g6 13. O-O a6 14. Kh1 b5 15. a4 b4
16. Ne2 Qa5 17. Nc1 Qc7 18. Nb3 Na5 19. Nd4 Nc4 20. b3 Na5 21. Rc1 Bb7 22. Qg4
Be7 23. Be3 Nc6 24. Nf3 h5 25. Qh3 Qa5 26. Bxg6 fxg6 27. Qxe6 1-0

[Event "21st Delhi Open 2025"]
[Site "New Delhi IND"]
[Date "2025.06.09"]
[Round "4.16"]
[White "Bivor Adak"]
[Black "Pantsulaia, Levan"]
[Result "1/2-1/2"]
[BlackTitle "GM"]
[WhiteElo "2099"]
[BlackElo "2551"]
[WhiteFideId "33394440"]
[BlackFideId "13602071"]
[EventDate "2025.06.07"]

1. e4 c6 2. Nf3 d5 3. d3 Qc7 4. Nc3 dxe4 5. dxe4 Bg4 6. h3 Bh5 7. g4 Bg6 8. Nh4
e5 9. Qf3 Nf6 10. Bc4 b5 11. Bb3 Na6 12. Be3 Nc5 13. Nf5 Nfd7 14. O-O h5 15. Kg2
f6 16. Ne2 a5 17. a4 Nxb3 18. cxb3 hxg4 19. hxg4 bxa4 20. bxa4 Bf7 21. Rfd1 g6
22. Nfg3 Be7 23. Nc3 Rd8 24. Rac1 Qb7 25. Qe2 Bb3 26. Rh1 Kf7 27. Rxh8 Rxh8 28.
Nf1 Be6 29. Ng3 Nf8 30. Nb1 Nd7 31. Nd2 c5 32. b3 Qb4 33. f3 Nb8 34. Qb5 Qxb5
35. axb5 Nd7 36. Ne2 f5 37. gxf5 gxf5 38. exf5 Rg8+ 39. Ng3 Bxf5 40. Ne4 Bxe4
41. fxe4 Bh4 42. Bf2 Bxg3 43. Bxg3 Rb8 44. Ra1 Rxb5 45. Ra3 Nb6 46. Be1 c4 47.
bxc4 Nxc4 48. Ra4 Rc5 49. Bf2 Rc6 50. Be1 Nd6 51. Rxa5 1/2-1/2